000 00929nmm a2200277 a 4500
001 ocm0001411564
003 TR-IsHL
005 20201028163937.0
008 160220s2009 tu tur
007 cr cn
020 _a9789752697393
035 _a1411564
_b(N$T)
050 0 4 _aBP252.N87
_bO93 2009
090 0 4 _aBP252.N87
_bO93 2009
100 1 _aÖzcan, Ömer
245 1 0 _aAğabeyler anlatıyor 3: risale-i nur hizmetkarları
_h[electronic resource] /
_cÖmer Özcan
260 _aİstanbul :
_bNesil Yayınları,
_c2009
300 _a317 p.
650 4 _aFelsefe, Psikoloji ve Din
650 4 _aPhilosophy, Psychology and Religion
650 0 _aNursî, Bediüzzaman Said, 1873-1960
650 0 _aNurculuk
_xAnılar
650 0 _aNurculuk
_xMemories
650 7 _aRELIGION / Islam / History
_2bisacsh
856 4 0 _uhttp://search.ebscohost.com/login.aspx?direct=true&scope=site&db=e011xww&AN=1411564
999 _c15481
_d15481